00433nam a2200181Ia 4500008004100000020001800041050001300059100002000072245001900092245004200111260001500153260002000168260000900188300001400197300002200211300001000233500000800243170918s9999 xx 000 0 und d a9780399225031 bU17 1976 aUchida, Yoshiko 4aThe bracelet / cby Yoshiko Uchida and Joanna Yardley. aNew York : bPhilomel Books, c1976 aunpaged : bchiefly colored ; c25cm. a710